00278pab a2200109 454500008004000000245004500040260000900085300001400094362000800108650001800116773003400134180718b1997 xxu||||| |||| 00| 0 eng d aThinking in organizations: special issue c1997 ap.845-952 aNov aOrganizations aJournal of Management Studies